000 00829nam a2200253 i 4500
001 bg
100 1 _aBANASIAK, Jan
245 1 0 _aProjektowanie mechanizacji procesów technologicznych w gospodarstwach rolnych /
_cJan Banasiak, Józef Cież.
260 _aWrocław :
_bWydaw. Akademii Rolniczej,
_c1995.
300 _a167 s. :
_bwykr. ;
_c24 cm.
490 1 _aSkrypty Akademii Rolniczej we Wrocławiu,
_x0239-5762 ;
_vnr 404
504 _aBibliogr. s. 122-123.
650 9 _aRolnictwo
_xmechanizacja
655 _aPodręczniki akademickie
700 1 _aCIEŻ, Józef
830 _aSkrypty Akademii Rolniczej we Wrocławiu,
_x0239-5762 ;
020 _a8385582959
040 _cBPK
041 0 _apl
080 _a631.3/.8(075.8)
920 _a83-85582-95-9
942 _cKS
008 s pl f |000 0 pol
999 _c25093
_d25093
856 _uhttp://koha.tu.koszalin.pl/cgi-bin/koha/opac-detail.pl?biblionumber=25093
_yKatalog online BPK